Ako zvládnuť a riadiť dlhodobý rast podniku

Potencionálne problémy podnikov, ktoré vstupujú do fázy dlhodobého rastu. Podnikanie v Nemecku a podniky Mittelstand. Superrastové podniky. Veľké podniky vo Veľkej Británii, Nemecku a USA. Interakcia medzi súkromným a profesionálnym životom podnikateľa. Osobitné problémy podnikateľa. Osobitné problé...

Descrizione completa

Salvato in:
Dettagli Bibliografici
Natura: Capitolo di libro
Lingua:slovacco
Soggetti:
Tags: Aggiungi Tag
Nessun Tag, puoi essere il primo ad aggiungerne!!

MARC

LEADER 00000naa a2200000 4500
001 r034787
005 20230919123739.0
041 0 |a slo 
044 |a SK 
245 1 0 |a Ako zvládnuť a riadiť dlhodobý rast podniku 
520 |a Potencionálne problémy podnikov, ktoré vstupujú do fázy dlhodobého rastu. Podnikanie v Nemecku a podniky Mittelstand. Superrastové podniky. Veľké podniky vo Veľkej Británii, Nemecku a USA. Interakcia medzi súkromným a profesionálnym životom podnikateľa. Osobitné problémy podnikateľa. Osobitné problémy rodinných podnikov. Využitie modelu Mifrog na porovnanie výkonu a prognózovanie potrieb peňažných prostriedkov. 
610 2 0 |a podnikanie drobné 
610 2 0 |a podnikanie malé 
610 2 0 |a podnikanie rodinné 
610 2 0 |a podnikatelia 
610 2 0 |a podnik rodinný 
610 2 0 |a rast podniku 
610 2 0 |a riadenie strategické 
610 2 0 |a systémy operačné 
610 2 0 |a samofinancovanie 
610 2 0 |a prostriedky peňažné 
610 2 0 |a Nemecko 
610 2 0 |a Veľká Británia 
610 2 0 |a USA